000 00440 a2200157 4500
003 OSt
005 20240116135243.0
008 240116b |||||||| |||| 00| 0 eng d
040 _coclc
082 _a297
_bMAD/M
100 _aMadani, AbduRahman
_910275
245 _aMirsaa Khaadiyani Mahidiyo /
_cAbdurahman Madani
260 _aKerala:
_bKNM,
_c2012.
300 _a128p
942 _2ddc
_cBK
_h297
_iMAD/M
_k297
_mMAD/M
999 _c43202
_d43202